| 000 | 01295nam0a22002531 4500 | ||
|---|---|---|---|
| 001 | rc\4204619 | ||
| 005 | 20260407111210.0 | ||
| 021 |
_aRU _b[47-22463] |
||
| 035 | _a(NLR Aleph) 008205013 | ||
| 090 |
_a8060373 _c8060373 |
||
| 100 | _a20130415d1947 |||y0rusy50 ca | ||
| 101 | 0 | _arus | |
| 102 | _aRU | ||
| 105 | _ay z ||||| | ||
| 200 | 1 |
_aИнструкция по расследованию и учету аварий [в каменноугольных предприятиях Министерства угольной промышленности восточных районов СССР _eУтв. 10/XII-1946 г.] _fМ-во угольной пром-сти вост. районов СССР. Гл. гос. горно-техн. инспекция |
|
| 210 |
_aМосква _cИзд-во и 2-я тип. Углетехиздата _d1947 |
||
| 215 |
_a27 с. _d14 |
||
| 606 |
_aКаменноугольные шахты _xАварии и повреждения _xРасследование и учет _2psbo |
||
| 710 | 0 | 1 |
_aСССР _bМинистерство угольной промышленности восточных районов _3RU\NLR\AUTH\889939130 _9373140 |
| 801 | 0 |
_aRU _bNLR _gpsbo |
|
| 801 | 1 |
_aRU _bELAR _2rusmarc |
|
| 852 |
_aNLR _jТ26 Г-2/220 |
||
| 942 | _cBOOK | ||
| 980 | _aNB | ||